000 00613nam a2200205 a 4500
005 20231101063709.0
008 170502s2013 mx r 000 0 spa d
020 _a9786070242700
035 _aUPN01000217454
049 _aCG
050 4 _aPQ7250
_bA8.7
245 0 0 _aAstronave :
_bpanorámica de poesía mexicana (1985-1993) /
_ccomp. Gerardo Grande.
260 _aMéxico :
_bUNAM :
_bUANL,
_c2013.
300 _a218 p. :
_bil.
440 0 _aEdiciones de punto de partida.
_pPoesía ;
_v12
650 4 _aPoesía mexicana
_91273
700 1 _aGrande, Gerardo,
_ecomp.
905 _aLibro
999 _c189554
_d189554